• 首页
  • 本馆介绍
  • 公告通知
  • 最新文献
  • 馆藏检索
  • 电子资源
  • 读者导购
  • 参考咨询
  • 我的图书馆
  • 登录
  • 详细信息显示
  • 放入我的书架
  • 预约/预借图书
  • 作者相关作品
  • 分类相关作品
  • 丛书相关作品
  • 出版社相关作品

书目信息

  • 表格格式
  • 工作单格式
  • 卡片格式
题名:
NASA系统工程手册
    
 
作者: 朱一凡 译
分册:  
出版信息: 北京   电子工业出版社  2012.11
页数: 323页
开本: 26cm
丛书名:
单 册:
中图分类: V2-62 , V4-62
科图分类:
主题词: 航空工程--技术手册 , 航天工程--技术手册
电子资源:
ISBN: 978-7-121-18081-1
000 01104nam0 2200253 450
001 3331
005 20160926093224.59
010    @a978-7-121-18081-1@b平装@dCNY65.00
100    @a20121101d2012 em y0chiy50 ea
101 0  @achi
102    @aCN@b110000
105    @aak z 000yy
200 1  @aNASA系统工程手册@9nasa xi tong gong cheng shou ce@f朱一凡等译
210    @a北京@c电子工业出版社@d2012.11
215    @a323页@c图表@d26cm
330    @a本书主要有三个部分的内容:第一部分(第1~3章)是结合航天产品的寿命周期介绍由多个系统工程流程构成的航天产品开发和控制管理的系统工程引擎,第二部分(第4~5章)针对系统工程引擎中的每个流程详细介绍流程实施的过程和指南,第三部分(第6~7章)介绍在开展系统工程工作时应当把握的关键技术和相关标准。本手册内容翔实、图文并茂,许多问题的阐述结合实例,部分具体操作还在附录中给出了参考样板。
333    @a工业工程领域产品开发和系统工程组织管理人员
606 0  @a航空工程@j技术手册
606 0  @a航天工程@j技术手册
690    @aV2-62@v4
690    @aV4-62@v4
701  0 @a朱一凡@4译@9zhu yi fan
801  0 @aCN@b唐山师范学院图书馆@c20151001
905    @aZUCC@dV2-62@e44
    
    NASA系统工程手册/朱一凡等译.-北京:电子工业出版社,2012.11
    323页:图表;26cm
    使用对象:工业工程领域产品开发和系统工程组织管理人员
    
    ISBN 978-7-121-18081-1(平装):CNY65.00
    本书主要有三个部分的内容:第一部分(第1~3章)是结合航天产品的寿命周期介绍由多个系统工程流程构成的航天产品开发和控制管理的系统工程引擎,第二部分(第4~5章)针对系统工程引擎中的每个流程详细介绍流程实施的过程和指南,第三部分(第6~7章)介绍在开展系统工程工作时应当把握的关键技术和相关标准。本手册内容翔实、图文并茂,许多问题的阐述结合实例,部分具体操作还在附录中给出了参考样板。
●
相关链接 在E读中查询图书 在五车中查询图书 在当当中查询图书 在豆瓣中查询图书


正题名:NASA系统工程手册     索取号:V2-62/44         预约/预借

序号 登录号 条形码 馆藏地/架位号 状态 备注
1 904434   209044345   第二样本阅览室/ [索取号:V2-62/44] 在馆    
2 904435   209044354   第三借阅区/ [索取号:V2-62/44] 在馆    
3 904436   209044363   第三借阅区/ [索取号:V2-62/44] 在馆    
4 904437   209044372   第三借阅区/ [索取号:V2-62/44] 在馆    
5 904438   209044381   第三借阅区/ [索取号:V2-62/44] 在馆    
唐山师范学院图书馆 欢迎您!
大连网信软件有限公司© 版权所有